Departments of Guatemala - Statistics

General Stats
  • This quiz has been taken 16,576 times
    16,440 since last reset
  • The average score is 11 of 22
Answers on the Map
Answers color-coded by a green-red scale on the quiz's map according to % correct below.
 
Answer Stats
Departments % Correct
Guatemala
88%
El Petén
74%
Alta Verapaz
62%
Huehuetenango
62%
Baja Verapaz
59%
Quetzaltenango
58%
Izabal
57%
El Quiché
55%
San Marcos
53%
El Progreso
49%
Santa Rosa
49%
Jalapa
48%
Zacapa
47%
Jutiapa
46%
Chimaltenango
45%
Escuintla
44%
Sololá
44%
Sacatepéquez
42%
Suchitepéquez
41%
Chiquimula
40%
Retalhuleu
40%
Totonicapán
39%
No matching quizzes found
Score Distribution
Percent of People with Each Score
Percentile by Number Answered
Your Score History
You have not taken this quiz since the last reset